000
00292nam a22001337a 4500
008
171127b xxu||||| |||| 00| 0 eng d
020
_a
9780130370488
041
_a
eng
080
_a
32
100
_a
19
101
_a
POL
245
_a
AMERICAN GOVERNMENT
_c
CLENAGHAN,.W.A
942
_2
udc
_c
BK
999
_c
38545
_d
38545